000 00881nam a2200313Ia 4500
003 OSt
005 20221007123710.0
006 a|||||r|||| 00| 0
007 ta
008 221006b |||||||| |||| 00| 0 eng d
020 _a0070648786 (hbk)
024 _a3794
037 _bAsian,
_cTextual
040 _aCDL
_cCDL
_beng
041 _2eng
_aeng
082 _aC23, N6
100 _aTinkham Michael
_9503554
245 0 _aIntroduction to superconductivity
250 _a2
260 _aNew
_bYork McGraw-Hill, Inc.
_c1996
300 _axxi,454p
_ccm.
490 _aInternational series in pure and applied physics
500 _aBibliography 442-444p; Index 445-454p
650 _a Solid state
650 _a Superconductivity
_9642647
650 _aPhysics
942 _hC23, N6
_cTEXL
_2CC
999 _c1212349
_d1212349